[Event "Cuiaba Contaud op"]
[Site "Cuiaba"]
[Date "2024.11.23"]
[Round "3"]
[White "Lins, Joao Pedro"]
[Black "Said, Munir Calixto"]
[Result "1-0"]
[WhiteElo "1883"]
[BlackElo "1882"]
[PlyCount "91"]
[EventDate "2024.11.22"]
[EventType "swiss"]
[EventRounds "6"]
[EventCountry "BRA"]
[SourceTitle "CB49_2024"]
[SourceDate "2024.12.04"]
[SourceVersion "1"]
[SourceVersionDate "2024.12.04"]
[SourceQuality "1"]

1. Nf3 Nf6 2. g3 e6 3. Bg2 d5 4. d3 h6 5. Nbd2 Be7 6. e4 dxe4 7. dxe4 Nc6 8. 0-0 e5 9. Nc4 Qxd1 10. Rxd1 Bg4 11. h3 Bxf3 12. Bxf3 0-0 13. c3 Rad8 14. Be3 b5 15. Nd2 a6 16. Be2 Rb8 17. b4 Rfd8 18. a4 Kf8 19. axb5 axb5 20. f4 exf4 21. gxf4 Ke8 22. Ra6 Rd6 23. e5 Re6 24. exf6 Bxf6 25. Bg4 Rxe3 26. Rxc6 Rxc3 27. Rxc3 Bxc3 28. Ne4 Bxb4 29. Bd7+ Ke7 30. Bc6 Bd6 31. Nxd6 cxd6 32. Rb1 b4 33. Bd5 Kf6 34. Bb3 Rb7 35. Rd1 Rb6 36. Kg2 g5 37. Rf1 gxf4 38. Rxf4+ Ke5 39. Kf3 f5 40. Bc2 b3 41. Rxf5+ Kd4 42. Be4 b2 43. Rd5+ Kc4 44. Rd1 Kc3 45. h4 Ra6 46. h5 1-0

[Event "Niteroi op 4th"]
[Site "Niteroi"]
[Date "2024.09.01"]
[Round "7"]
[White "Lins, Joao Pedro"]
[Black "Oliveira, Tiago Batista"]
[Result "0-1"]
[WhiteElo "1848"]
[BlackElo "1982"]
[PlyCount "72"]
[EventDate "2024.08.28"]
[EventType "swiss"]
[EventRounds "7"]
[EventCountry "BRA"]
[SourceTitle "CBM 221 Extra"]
[Source "ChessBase"]
[SourceDate "2024.09.30"]
[SourceVersion "1"]
[SourceVersionDate "2024.09.30"]
[SourceQuality "1"]

1. e4 e5 2. Nf3 Nc6 3. Bb5 a6 4. Bxc6 dxc6 5. d3 Qf6 6. Be3 Bg4 7. Nbd2 h6 8. Qe2 Bd6 9. h3 Be6 10. Nc4 Ne7 11. 0-0-0 c5 12. Kb1 Nc6 13. Nxd6+ cxd6 14. g4 Nd4 15. Nxd4 cxd4 16. Bc1 Qd8 17. f4 Qa5 18. b3 f6 19. h4 0-0-0 20. g5 Kb8 21. gxh6 gxh6 22. h5 Rdg8 23. Rdg1 Bf7 24. f5 d5 25. Rxg8+ Bxg8 26. Rg1 dxe4 27. dxe4 Bf7 28. Qf3 Qc7 29. Rg6 Bxg6 30. fxg6 Rc8 31. Qf2 Qc3 32. Qd2 Qf3 33. Qxh6 Qxe4 34. Qd2 Qf5 35. Qh2 d3 36. cxd3 Qxd3+ 0-1

[Event "BRA-ch Amateurs U2000"]
[Site "Sao Paulo"]
[Date "2024.05.31"]
[Round "4"]
[White "Lins, Joao Pedro"]
[Black "Rial, Antonio Marcos Pino"]
[Result "1/2-1/2"]
[WhiteElo "1895"]
[BlackElo "1785"]
[PlyCount "69"]
[EventDate "2024.05.30"]
[EventType "swiss"]
[EventRounds "7"]
[EventCountry "BRA"]
[SourceTitle "CBM 220 Extra"]
[Source "ChessBase"]
[SourceDate "2024.07.31"]
[SourceVersion "1"]
[SourceVersionDate "2024.07.31"]
[SourceQuality "1"]

1. e4 Nc6 2. Nf3 f5 3. exf5 d5 4. Bb5 Bxf5 5. d4 Nf6 6. Ne5 Bd7 7. Bxc6 Bxc6 8. 0-0 g6 9. Bf4 Bg7 10. Nxc6 bxc6 11. Be5 0-0 12. Nd2 Rb8 13. Re1 Qd7 14. b3 Ng4 15. Bxg7 Kxg7 16. f3 Nf6 17. Qe2 Rfe8 18. Qe5 Qd6 19. c3 e6 20. Nf1 Kf7 21. Re2 Qxe5 22. Rxe5 Nd7 23. Re3 e5 24. Kf2 Re7 25. Rae1 Rbe8 26. dxe5 Nxe5 27. Ke2 c5 28. f4 Ng4 29. Rxe7+ Rxe7+ 30. Kd2 Rxe1 31. Kxe1 Ke6 32. h3 Nf6 33. Ke2 Ne4 34. Kd3 Nf2+ 35. Ke2 1/2-1/2

[Event "Niteroi Carvalho Memorial"]
[Site "Niteroi"]
[Date "2023.11.05"]
[Round "5"]
[White "Lins, Joao Pedro"]
[Black "Itagyba, Renan Fortes"]
[Result "1-0"]
[WhiteElo "1800"]
[BlackElo "1726"]
[PlyCount "89"]
[EventDate "2023.11.02"]
[EventType "swiss"]
[EventRounds "6"]
[EventCountry "BRA"]
[SourceTitle "CBM 217 Extra"]
[Source "ChessBase"]
[SourceDate "2024.01.31"]
[SourceVersion "1"]
[SourceVersionDate "2024.01.31"]
[SourceQuality "1"]

1. e4 e6 2. d3 d5 3. Nd2 c5 4. g3 g6 5. Bg2 Bg7 6. Ngf3 Nf6 7. 0-0 0-0 8. Re1 Nc6 9. exd5 exd5 10. Nf1 Be6 11. c3 h6 12. Bf4 Qd7 13. Qd2 Kh7 14. h4 Rae8 15. Ne5 Nxe5 16. Bxe5 Bh3 17. Bxh3 Qxh3 18. Bd6 Rxe1 19. Rxe1 Rc8 20. Re7 Rc6 21. Bf4 Nd7 22. Rxf7 Qe6 23. Rxg7+ Kxg7 24. Bxh6+ Kh7 25. Bf4 Ne5 26. Kg2 Ng4 27. f3 Nf6 28. Ne3 Rc8 29. d4 b6 30. Be5 Nd7 31. Ng4 Nxe5 32. Qh6+ Kg8 33. dxe5 Kf7 34. Qh7+ Kf8 35. Nf6 d4 36. Qxg6 Rc7 37. Qh6+ Rg7 38. Nh7+ Kf7 39. Ng5+ Rxg5 40. Qxe6+ Kxe6 41. hxg5 d3 42. Kf2 c4 43. f4 a6 44. g6 b5 45. f5+ 1-0

[Event "Niteroi Carvalho Memorial"]
[Site "Niteroi"]
[Date "2023.11.04"]
[Round "3"]
[White "Da Rocha, Joao Batista Jose"]
[Black "Lins, Joao Pedro"]
[Result "0-1"]
[WhiteElo "1663"]
[BlackElo "1800"]
[PlyCount "62"]
[EventDate "2023.11.02"]
[EventType "swiss"]
[EventRounds "6"]
[EventCountry "BRA"]
[SourceTitle "CBM 217 Extra"]
[Source "ChessBase"]
[SourceDate "2024.01.31"]
[SourceVersion "1"]
[SourceVersionDate "2024.01.31"]
[SourceQuality "1"]

1. d4 d5 2. c4 c6 3. cxd5 cxd5 4. Nf3 Nf6 5. Nc3 Nc6 6. h3 Bf5 7. a3 e6 8. e3 Bd6 9. Be2 0-0 10. 0-0 h6 11. b3 Rc8 12. Bb2 Na5 13. Rc1 Qb6 14. Nd2 Bb8 15. b4 Qd6 16. f4 Nc4 17. Bxc4 dxc4 18. Nf3 Nd5 19. Nxd5 exd5 20. Bc3 Rfe8 21. Qd2 Qe6 22. Rce1 b5 23. g4 Be4 24. f5 Qd6 25. Qe2 Kf8 26. Ra1 Rc6 27. a4 Ra6 28. a5 Rc6 29. Rae1 Ke7 30. Rf2 Kd7 31. Qf1 Bxf3 0-1

[Event "Niteroi Carvalho Memorial"]
[Site "Niteroi"]
[Date "2023.11.04"]
[Round "4"]
[White "Dos Santos, Thiago L Verbicario"]
[Black "Lins, Joao Pedro"]
[Result "0-1"]
[WhiteElo "1836"]
[BlackElo "1800"]
[PlyCount "80"]
[EventDate "2023.11.02"]
[EventType "swiss"]
[EventRounds "6"]
[EventCountry "BRA"]
[SourceTitle "CBM 217 Extra"]
[Source "ChessBase"]
[SourceDate "2024.01.31"]
[SourceVersion "1"]
[SourceVersionDate "2024.01.31"]
[SourceQuality "1"]

1. e4 e5 2. Nf3 Nc6 3. Bc4 Bc5 4. c3 Nf6 5. d3 a6 6. 0-0 0-0 7. h3 d6 8. Bb3 Ba7 9. Bg5 Qe7 10. Nbd2 Nd8 11. Nc4 Ne6 12. Bh4 Nf4 13. Ne3 Be6 14. Ng4 Bxg4 15. hxg4 Qd7 16. Nh2 Qe7 17. g3 Ne6 18. g5 Nd7 19. g6 Nf6 20. gxh7+ Kxh7 21. Qf3 g5 22. Qf5+ Kh6 23. Bxe6 gxh4 24. Bb3 hxg3 25. Qh3+ Nh5 26. Ng4+ Kg6 27. Ne3 Qg5 28. Qf5+ Qxf5 29. exf5+ Kf6 30. Rae1 Rg8 31. Nd5+ Kxf5 32. Ne7+ Kf6 33. Nxg8+ Rxg8 34. Rd1 gxf2+ 35. Kh2 Be3 36. d4 e4 37. Bd5 Bf4+ 38. Kh3 e3 39. Bxb7 Bg3 40. Bxa6 Nf4# 0-1

[Event "Niteroi Carvalho Memorial"]
[Site "Niteroi"]
[Date "2023.11.02"]
[Round "2"]
[White "Lins, Joao Pedro"]
[Black "Fernandes, Felipe Gambini"]
[Result "1/2-1/2"]
[WhiteElo "1800"]
[BlackElo "1813"]
[PlyCount "89"]
[EventDate "2023.11.02"]
[EventType "swiss"]
[EventRounds "6"]
[EventCountry "BRA"]
[SourceTitle "CBM 217 Extra"]
[Source "ChessBase"]
[SourceDate "2024.01.31"]
[SourceVersion "1"]
[SourceVersionDate "2024.01.31"]
[SourceQuality "1"]

1. e4 c6 2. d3 d5 3. Nd2 dxe4 4. dxe4 e5 5. Ngf3 Bg4 6. Bd3 Nd7 7. 0-0 Ngf6 8. Nc4 Qc7 9. Ne3 Bh5 10. Qe2 Nc5 11. Nf5 g6 12. Ng3 Bg4 13. Bc4 0-0-0 14. h3 Be6 15. Ng5 h6 16. Nxe6 Nxe6 17. Bxe6+ fxe6 18. Qc4 Qf7 19. Be3 Kb8 20. Qa4 b5 21. Qa5 Qc7 22. Bxa7+ Kb7 23. Qxc7+ Kxc7 24. Be3 Nd7 25. Rfd1 Be7 26. a4 b4 27. Kf1 h5 28. Ke2 Nc5 29. Bxc5 Bxc5 30. c3 bxc3 31. bxc3 Rxd1 32. Rxd1 Rb8 33. Nf1 Rb3 34. Rd3 Ra3 35. Rg3 Rxa4 36. Nd2 Ra2 37. Rxg6 Bxf2 38. Kxf2 Rxd2+ 39. Ke3 Rc2 40. Kd3 Rf2 41. Rg5 h4 42. Rg4 Kd6 43. Rxh4 Rxg2 44. Kc4 Rg3 45. Rh8 1/2-1/2